000 00619nab a2200157Ia 4500
003 ES-SlBCS
005 20210601131317.0
008 140529s2001 xxu||||| |||| 00| 0 fre d
041 _afre
100 1 _aJarousse, Jean-Pierre
_9183388
245 0 0 _aLes aides-éducateurs à l'école primaire: entre polyvalence et spécialisation quelle efficacité pédagogique?
_c Jean-Pierre Jarousse, Christine Leroy-Audouin
650 0 4 _aAyudas de Educadores-Escuela Primaria
_9183605
700 1 _aLeroy-Audouin, Christine
_9183606
773 0 _tRevue Française de Pedagogie
_gnº. 134, 2001, págs. 97-109
_wRev888
942 _cAR
999 _c561079
_d561079